[Event "Olavarria op"]
[Site "Olavarria"]
[Date "2019.03.28"]
[Round "5"]
[White "Marateo, Diego"]
[Black "Dietrich, Mateo"]
[Result "1/2-1/2"]
[WhiteElo "1687"]
[BlackElo "1318"]
[PlyCount "56"]
[EventDate "2019.03.11"]
[EventType "swiss"]
[EventRounds "9"]
[EventCountry "ARG"]
[SourceTitle "CBM 190 Extra"]
[Source "ChessBase"]
[SourceDate "2019.07.15"]
[SourceVersion "1"]
[SourceVersionDate "2019.07.15"]
[SourceQuality "1"]

1. d4 d5 2. c4 e6 3. Nf3 Be7 4. Nc3 Nf6 5. Bg5 0-0 6. e3 b6 7. cxd5 exd5 8. Bd3 Bb7 9. 0-0 Nbd7 10. Rc1 a6 11. Qc2 Bd6 12. h3 Qe7 13. Nh2 Rfe8 14. Ne2 Rac8 15. Ng4 g6 16. Qd1 Qe6 17. Nf4 Bxf4 18. Nxf6+ Nxf6 19. Bxf4 c5 20. dxc5 Rxc5 21. Rxc5 bxc5 22. Qb3 Ba8 23. Qc3 c4 24. Bc2 Nh5 25. Bh6 Qe5 26. Qa3 Qe6 27. Qc3 Qe5 28. Qa3 Qe6 1/2-1/2

[Event "Ciencias Prueba"]
[Site "Ciencias"]
[Date "2019.??.??"]
[Round "7.8"]
[White "Marateo, Diego"]
[Black "Alcaraz, Juan Jose"]
[Result "1-0"]
[WhiteElo "1646"]
[BlackElo "1552"]
[PlyCount "55"]
[EventDate "2019.05.30"]
[EventType "swiss"]
[EventRounds "9"]
[EventCountry "ARG"]
[SourceTitle "EXT 2024"]
[Source "ChessBase"]
[SourceDate "2023.10.10"]
[SourceVersion "1"]
[SourceVersionDate "2023.10.10"]
[SourceQuality "1"]

1. d4 d5 2. c4 e6 3. Nc3 g6 4. Nf3 Bg7 5. Bf4 c6 6. e3 Ne7 7. Bd3 Nd7 8. 0-0 Nb6 9. c5 Nd7 10. b4 b6 11. a4 f6 12. Bd6 Bb7 13. Nb5 cxb5 14. axb5 Nc8 15. Bg3 bxc5 16. bxc5 Nxc5 17. dxc5 Ne7 18. c6 Nxc6 19. bxc6 Bxc6 20. Nd4 Bd7 21. Ra6 e5 22. Ne6 Bxe6 23. Rxe6+ Kf7 24. Ra6 Qd7 25. e4 Rhd8 26. Qb3 Kf8 27. exd5 Rab8 28. Qa3+ 1-0

[Event "Ciencias Prueba"]
[Site "Ciencias"]
[Date "2019.??.??"]
[Round "2.6"]
[White "Marateo, Diego"]
[Black "Lopez, Ruben Omar"]
[Result "1/2-1/2"]
[WhiteElo "1646"]
[BlackElo "1567"]
[PlyCount "131"]
[EventDate "2019.05.30"]
[EventType "swiss"]
[EventRounds "9"]
[EventCountry "ARG"]
[SourceTitle "EXT 2024"]
[Source "ChessBase"]
[SourceDate "2023.10.10"]
[SourceVersion "1"]
[SourceVersionDate "2023.10.10"]
[SourceQuality "1"]

1. d4 d5 2. c4 e6 3. Nc3 h6 4. Nf3 Nc6 5. Bf4 Nf6 6. h3 Bb4 7. e3 Ne4 8. Qc2 f5 9. a3 Bxc3+ 10. bxc3 b6 11. cxd5 Qxd5 12. Bxc7 Qa5 13. Bd3 0-0 14. 0-0 Bb7 15. Bxe4 fxe4 16. Qxe4 Qxc3 17. Qxe6+ Kh8 18. Rfc1 Qb2 19. Rab1 Qe2 20. Re1 Qc2 21. Rbc1 Qh7 22. d5 Rae8 23. Qd7 Na5 24. Ne5 Bc8 25. Qa4 Qf5 26. f4 Qh5 27. Bd6 Rf6 28. g4 Bxg4 29. hxg4 Qh3 30. Qxe8+ Kh7 31. Be7 Qg3+ 32. Kf1 Qh3+ 33. Ke2 Qg2+ 34. Kd3 Qxd5+ 35. Kc3 Qb3+ 36. Kd4 Qb2+ 37. Ke4 Qg2+ 38. Kd3 Qd5+ 39. Kc3 Qb3+ 40. Kd2 Qb2+ 41. Kd3 Qb3+ 42. Ke4 Re6 43. Qd7 Qa2 44. Kf3 Rxe5 45. fxe5 Qh2 46. Bf8 Qh3+ 47. Ke4 Qg2+ 48. Kd4 Qd2+ 49. Ke4 Qxd7 50. Bd6 Qxg4+ 51. Kd5 Qf3+ 52. e4 Qd3+ 53. Ke6 Qb3+ 54. Ke7 Qh3 55. Ke8 Qe6+ 56. Kf8 Nb3 57. Rc7 Qg6 58. Rf1 Nd4 59. Ke7 Qg5+ 60. Ke8 Ne6 61. Re7 Qg6+ 62. Kd7 Ng5 63. Rf6 Qxe4 64. Rff7 Nxf7 65. Rxf7 h5 66. e6 1/2-1/2